=LDR 00000nam 2200000 4500 =001 INLIS000000000034415 =005 20130612140325 =008 ***********************************ind** =035 ##$$0010-061300000034415 =041 ##$$a ind =082 ##$$a 631.31 =090 ##$$a 631.31, Asm b =100 ##$$a Asmara, Adi =245 ##$$a Budidaya ikan tawar/ Adi Asmara, Igo =260 ##$$a 2007 $b Bandung =300 ##$$a vi,102 hlm, Ilus., 23 cm =650 ##$$a Ikan Tawar - Budidaya =700 ##$$a Igo =850 ##$$a NBPNMAT